Normal view
MARC view
- Gersho, Allen
Entry Personal Name
001 - CONTROL NUMBER
- control field: 97926
003 - CONTROL NUMBER IDENTIFIER
- control field: NUST
005 - DATE AND TIME OF LATEST TRANSACTION
- control field: 20220818102455.0
008 - FIXED-LENGTH DATA ELEMENTS
- fixed length control field: 220818|| aca||aabn | a|a d
040 ## - CATALOGING SOURCE
- Original cataloging agency: NUST
- Transcribing agency: NUST
100 ## - HEADING--PERSONAL NAME
- Personal name: Gersho, Allen
670 ## - SOURCE DATA FOUND
- Source citation: Work cat.: (NUST)175767: Gersho, Allen., Vector quantization and signal compression /, c1992.
